[Event "II Open Internazionale"]
[Site "Lodi ITA"]
[Date "2006.06.08"]
[Round "5"]
[White "Mecking, Henrique"]
[Black "Vajda, Levente"]
[Result "1-0"]
[WhiteElo "2554"]
[BlackElo "2511"]
[PlyCount "91"]
[EventDate "2006.06.05"]

1. d4 Nf6 2. c4 c5 3. d5 b5 4. cxb5 a6 5. bxa6 Bxa6 6. Nc3 g6 7. e4 Bxf1 8.
Kxf1 d6 9. Nf3 Nbd7 10. g3 Bg7 11. Kg2 Qa5 12. Re1 Ng4 13. Bd2 Nge5 14. Nxe5
Nxe5 15. Qe2 c4 16. a4 O-O 17. Nb5 Qb6 18. Be3 Qb7 19. Bd4 Nd3 20. Reb1 Bxd4
21. Nxd4 e5 22. b3 exd4 23. bxc4 Nb4 24. Qd2 Rfb8 25. a5 Qe7 26. Rxb4 Rxb4 27.
Qxb4 Qxe4+ 28. Kg1 d3 29. Qc3 Rc8 30. a6 Qe2 31. a7 d2 32. Qd4 Ra8 33. Kg2 Qe1
34. g4 g5 35. h3 Qc1 36. c5 dxc5 37. Qe5 Qc2 38. Qxg5+ Kf8 39. Qe5 Kg8 40. Qb8+
Kg7 41. Qxa8 Qe4+ 42. Kg1 Qe1+ 43. Rxe1 dxe1=Q+ 44. Kg2 Qe4+ 45. Kg3 Qd3+ 46.
Kh4 1-0

[Event "II Open Internazionale"]
[Site "Lodi ITA"]
[Date "2006.06.08"]
[Round "5"]
[White "Onkoud, Abdelaziz"]
[Black "Buccoliero, Alessandro"]
[Result "1-0"]
[WhiteElo "2420"]
[BlackElo "2205"]
[PlyCount "81"]
[EventDate "2006.06.05"]

1. e4 e6 2. d4 d5 3. Nc3 Nf6 4. Bg5 Be7 5. e5 Nfd7 6. h4 Bxg5 7. hxg5 Qxg5 8.
Nh3 Qe7 9. Qd2 Nc6 10. O-O-O Nb6 11. Nf4 Bd7 12. Nh5 O-O-O 13. Nxg7 f6 14. exf6
Qxf6 15. Nh5 Qf7 16. f4 Ne7 17. b3 Kb8 18. Be2 Nbc8 19. g4 Nd6 20. Qe3 Ne4 21.
Nxe4 dxe4 22. c4 Nc6 23. a3 Na5 24. b4 Ba4 25. bxa5 Bxd1 26. Rxd1 c5 27. Qxe4
cxd4 28. a6 Qc7 29. Qxb7+ Qxb7 30. axb7 Kxb7 31. Ng7 Rd6 32. Kd2 Ra6 33. Rb1+
Kc8 34. c5 Rxa3 35. Nxe6 Kd7 36. f5 Kc6 37. Rb4 a5 38. Rxd4 Ra2+ 39. Ke3 Ra3+
40. Kf4 Rc3 41. Rd6+ 1-0

[Event "II Open Internazionale"]
[Site "Lodi ITA"]
[Date "2006.06.08"]
[Round "5"]
[White "Philippe, Christophe"]
[Black "Hossain, Enamul"]
[Result "0-1"]
[WhiteElo "2399"]
[BlackElo "2460"]
[PlyCount "135"]
[EventDate "2006.06.05"]

1. e4 c5 2. Nf3 e6 3. d4 cxd4 4. Nxd4 a6 5. Nc3 Qc7 6. Bd3 Bc5 7. Nb3 Be7 8.
O-O Nf6 9. f4 d6 10. Qe2 Nbd7 11. Bd2 O-O 12. Rae1 e5 13. f5 b5 14. g4 h6 15.
g5 hxg5 16. Bxg5 b4 17. Nd1 Bb7 18. Qg2 d5 19. Bh6 Ne8 20. exd5 Qd6 21. f6
Ndxf6 22. Ne3 Bxd5 23. Nxd5 Nxd5 24. Bc1 Nef6 25. Rf5 Rfe8 26. Rfxe5 Bf8 27.
Rxe8 Rxe8 28. Rxe8 Nxe8 29. Qg3 Qd7 30. Bd2 Bd6 31. Qf3 Nef6 32. Kh1 Bc7 33.
Qf5 Qd8 34. Bg5 g6 35. Qf2 Qd6 36. Qe2 Nf4 37. Bxf4 Qxf4 38. Nd2 a5 39. b3 Nd5
40. Nf1 Nc3 41. Qe3 Qf6 42. Ng3 Bxg3 43. hxg3 Nxa2 44. Kg2 Nc3 45. Qc5 Qd8 46.
Qe5 Nd5 47. Qd4 Qg5 48. Kf3 Nf6 49. Qd8+ Kg7 50. Qd4 Qh5+ 51. Kf2 Qd5 52. Ke3
Qe6+ 53. Kf3 Qc6+ 54. Kf2 Qd5 55. Ke3 Qg2 56. Qe5 Qg1+ 57. Ke2 Qh1 58. Kd2 Qd5
59. Qxd5 Nxd5 60. Be4 Nc3 61. Bc6 f5 62. Kd3 Kf6 63. Kc4 Ke5 64. Kc5 Ne2 65.
Kb6 Kd4 66. Kxa5 Kc3 67. g4 fxg4 68. Kb5 0-1

[Event "II Open Internazionale"]
[Site "Lodi ITA"]
[Date "2006.06.08"]
[Round "5"]
[White "Ricardi, Pablo Oswaldo"]
[Black "Peredy, Ferenc"]
[Result "1-0"]
[WhiteElo "2515"]
[BlackElo "2343"]
[PlyCount "120"]
[EventDate "2006.06.05"]

1. e4 e5 2. Nf3 Nf6 3. Nxe5 d6 4. Nf3 Nxe4 5. Nc3 Nxc3 6. dxc3 Be7 7. Bf4 Nd7
8. Qd2 Nc5 9. O-O-O O-O 10. h4 Bg4 11. Re1 Bf6 12. Ng5 Qd7 13. f3 Be6 14. Be3
Rad8 15. Bd4 Be7 16. Qf2 Rfe8 17. Bxc5 dxc5 18. Nxe6 fxe6 19. Bc4 Bd6 20. Qe3
Kh8 21. Bxe6 Qa4 22. Qe4 Qxe4 23. Rxe4 Bg3 24. a4 Rd6 25. Bd5 Rxe4 26. Bxe4 b6
27. h5 a5 28. Bd3 Kg8 29. Rh3 Bf4+ 30. Kd1 Kf7 31. Rh4 Bg5 32. Re4 Bf6 33. Ke2
Rd7 34. Bc4+ Kf8 35. f4 Re7 36. Be6 Re8 37. Kf3 Rd8 38. Re2 h6 39. Ke4 Rd1 40.
Kf5 Be7 41. Bc4 Rd6 42. Be6 Rd1 43. g3 Rg1 44. g4 Rf1 45. Bc4 Bd6 46. Re4 Rf2
47. Bb3 Rf1 48. Bd5 Rf2 49. Bc6 Be7 50. Kg6 Rd2 51. Kh7 Rd6 52. Bb5 Rf6 53. Bd7
Bd6 54. g5 Rxf4 55. Re8+ Kf7 56. g6+ Kf6 57. Re6+ Kg5 58. Kxg7 Kxh5 59. Kh7 Kg5
60. g7 Rf7 1-0

[Event "II Open Internazionale"]
[Site "Lodi ITA"]
[Date "2006.06.08"]
[Round "5"]
[White "Salvador, Roland"]
[Black "Tissir, Mohamed"]
[Result "0-1"]
[WhiteElo "2396"]
[BlackElo "2439"]
[PlyCount "126"]
[EventDate "2006.06.05"]

1. d4 d5 2. Nf3 Nf6 3. c4 c6 4. Nc3 e6 5. g3 Nbd7 6. Bg2 dxc4 7. O-O Be7 8. a4
a5 9. e4 O-O 10. Qe2 Nb6 11. Rd1 h6 12. Bf4 Ne8 13. h4 Bb4 14. Ne5 Bd6 15. Rd2
Nc7 16. Rad1 Qe7 17. Qe3 Kh7 18. h5 Bxe5 19. dxe5 Nd7 20. Rd6 Ne8 21. Qd4 Nxd6
22. exd6 Qe8 23. e5 f6 24. Be4+ Kh8 25. Bg6 Qd8 26. Bb1 Qb6 27. Qd2 Kg8 28. Qc2
f5 29. g4 Qd8 30. Ne2 Qh4 31. f3 Nb6 32. Bg3 Qg5 33. Nf4 Nd5 34. Rxd5 cxd5 35.
Kf2 Rf7 36. Ng6 Qd8 37. gxf5 exf5 38. Nf4 Qe8 39. Nxd5 Be6 40. Qxc4 Rc8 41. Qd4
Rc1 42. Ba2 Rc2+ 43. Ke3 Kh8 44. Bb3 Rc6 45. Bc4 Rxd6 46. exd6 Bxd5+ 47. Kd2
Bxc4 48. Qxc4 Kh7 49. Qd5 f4 50. Bh4 Qd7 51. Qe4+ Kh8 52. Be7 Rf5 53. Kc2 Rxh5
54. Qxf4 Qc6+ 55. Kb3 Qd5+ 56. Kc2 Rh3 57. Qe4 Rh2+ 58. Kc3 Qc5+ 59. Kd3 Qc2+
60. Kd4 Qxa4+ 61. Ke5 Qd7 62. Qf5 Re2+ 63. Kf4 g5+ 0-1

[Event "II Open Internazionale"]
[Site "Lodi ITA"]
[Date "2006.06.08"]
[Round "5"]
[White "Sardo, Gabriele"]
[Black "Brigati, Alessandro"]
[Result "0-1"]
[WhiteElo "2186"]
[BlackElo "2080"]
[PlyCount "134"]
[EventDate "2006.06.05"]

1. e4 d6 2. d4 Nf6 3. Nc3 g6 4. Be3 Bg7 5. Qd2 c6 6. Bh6 Bxh6 7. Qxh6 b5 8. Bd3
Nbd7 9. Nce2 Bb7 10. c3 a6 11. Nf3 e5 12. O-O Qe7 13. a4 Qf8 14. Qe3 Qe7 15.
axb5 cxb5 16. Nd2 O-O 17. f4 Rae8 18. Ng3 exd4 19. Qxd4 Nc5 20. Bc2 Ne6 21. Qb4
Ng4 22. Rf3 Qc7 23. h3 Nf6 24. Rff1 Nd7 25. f5 Nec5 26. Qd4 Ne5 27. fxg6 hxg6
28. Rf6 Re6 29. Raf1 Kg7 30. Qf2 Qd8 31. Rf4 Kg8 32. Qe3 Qg5 33. b4 Ncd7 34.
Bb3 Rf6 35. h4 Qh6 36. Bc2 Rxf4 37. Qxf4 Qxf4 38. Rxf4 Rc8 39. Ne2 Kg7 40. Bb3
Nf6 41. Kf1 Rc7 42. Kg1 Nfg4 43. Nd4 Rxc3 44. Bxf7 Rc1+ 45. Nf1 Bc8 46. Be6
Bxe6 47. Nxe6+ Kh6 48. Rf8 Kh7 49. Ng5+ Kh6 50. Ne6 Kh7 51. Ng5+ Kh6 52. Re8
Ne3 53. Rf8 Kh5 54. Rf4 Nxf1 55. Rxf1 Rxf1+ 56. Kxf1 Kxh4 57. Ne6 Nd3 58. Ke2
Nxb4 59. Kf3 Nc6 60. g3+ Kh5 61. g4+ Kh6 62. g5+ Kh5 63. Kf4 b4 64. Ng7+ Kh4
65. Nf5+ gxf5 66. Kxf5 b3 67. g6 Ne7+ 0-1

[Event "II Open Internazionale"]
[Site "Lodi ITA"]
[Date "2006.06.08"]
[Round "5"]
[White "Stella, Andrea"]
[Black "Giretti Kanev, Jasen"]
[Result "1/2-1/2"]
[WhiteElo "2114"]
[BlackElo "2220"]
[PlyCount "47"]
[EventDate "2006.06.05"]

1. e4 e6 2. d4 d5 3. Nc3 b6 4. Nf3 dxe4 5. Nxe4 Bb7 6. Bb5+ c6 7. Bd3 Nf6 8.
Nxf6+ gxf6 9. Bf4 Bd6 10. Bg3 Na6 11. c3 Nc7 12. Qd2 Qe7 13. O-O-O O-O-O 14.
Rhe1 h5 15. Nh4 Qf8 16. Qe2 Kb8 17. Kb1 Nd5 18. Bxd6+ Qxd6 19. g3 a5 20. f4
Rde8 21. Qe4 Ka7 22. Qf3 Ba6 23. c4 Nb4 24. Rc1 1/2-1/2

[Event "II Open Internazionale"]
[Site "Lodi ITA"]
[Date "2006.06.08"]
[Round "5"]
[White "Wohl, Aleksandar H."]
[Black "Schmitz, Andreas Arnold"]
[Result "1-0"]
[WhiteElo "2432"]
[BlackElo "2124"]
[PlyCount "35"]
[EventDate "2006.06.05"]

1. Nf3 Nf6 2. c4 e6 3. g3 d5 4. Bg2 c6 5. O-O Bd6 6. d3 O-O 7. Nc3 Nbd7 8. Qc2
Ne5 9. Nxe5 Bxe5 10. cxd5 exd5 11. f4 Bd4+ 12. Kh1 Ng4 13. e4 dxe4 14. dxe4 Ne3
15. Bxe3 Bxe3 16. Rad1 Qf6 17. e5 Bf5 18. Qe2 1-0

[Event "II Open Internazionale"]
[Site "Lodi ITA"]
[Date "2006.06.08"]
[Round "5"]
[White "Zambrana, Oswaldo"]
[Black "Bonade', Massimo"]
[Result "1-0"]
[WhiteElo "2425"]
[BlackElo "2104"]
[PlyCount "71"]
[EventDate "2006.06.05"]

1. e4 c5 2. Nf3 d6 3. d4 cxd4 4. Nxd4 Nf6 5. Nc3 a6 6. Bg5 e6 7. f4 Be7 8. Qf3
Qc7 9. O-O-O Nbd7 10. g4 b5 11. Bxf6 Nxf6 12. g5 Nd7 13. f5 Bxg5+ 14. Kb1 Ne5
15. Qh5 Qd8 16. Nxe6 Bxe6 17. fxe6 O-O 18. Rg1 Bf6 19. Bh3 Kh8 20. Nd5 g6 21.
Qe2 fxe6 22. Nf4 Qa5 23. c3 b4 24. c4 Bh4 25. Rgf1 Qb6 26. Nxe6 Rxf1 27. Rxf1
Qc6 28. Rc1 a5 29. c5 Be7 30. Nd4 Qa4 31. b3 Qe8 32. c6 Bg5 33. Rc2 a4 34. c7
axb3 35. axb3 Nd7 36. Qg4 1-0

[Event "II Open Internazionale"]
[Site "Lodi ITA"]
[Date "2006.06.08"]
[Round "6"]
[White "Abdulla, Al Rakib"]
[Black "Onkoud, Abdelaziz"]
[Result "1-0"]
[WhiteElo "2484"]
[BlackElo "2420"]
[PlyCount "101"]
[EventDate "2006.06.05"]

1. d4 g6 2. e4 Bg7 3. Nc3 c6 4. f4 d5 5. e5 h5 6. Be2 Nh6 7. Nf3 Bf5 8. O-O Nd7
9. h3 Nb6 10. Be3 Qd7 11. Bf2 f6 12. Re1 Be6 13. a4 a5 14. Rb1 O-O 15. Nh4 Kh7
16. Bd3 f5 17. Re3 Bf7 18. e6 Bxe6 19. Qe2 Bf7 20. Rxe7 Qd6 21. Rxb7 Rae8 22.
Qd2 Nd7 23. Nf3 Nf6 24. Ne5 Ne4 25. Qe1 Rb8 26. Rxb8 Rxb8 27. b3 Be8 28. Ne2
Qc7 29. Be3 Ng8 30. c4 Ngf6 31. c5 Bh6 32. Nc1 Rb7 33. Bc2 Qg7 34. Nf3 Re7 35.
Nd3 g5 36. fxg5 Nxg5 37. Nxg5+ Bxg5 38. Ne5 Ne4 39. Qc1 Bf6 40. Bf4 Qg8 41. Bd3
Rg7 42. Qf1 Bh4 43. Rb2 Qe6 44. b4 axb4 45. a5 Qc8 46. a6 Qd8 47. Be3 Bg5 48.
Qxf5+ Kg8 49. Bxg5 Nxg5 50. Rxb4 Ne4 51. Rb7 1-0

[Event "II Open Internazionale"]
[Site "Lodi ITA"]
[Date "2006.06.08"]
[Round "6"]
[White "Brigati, Alessandro"]
[Black "Salvador, Roland"]
[Result "0-1"]
[WhiteElo "2080"]
[BlackElo "2396"]
[PlyCount "96"]
[EventDate "2006.06.05"]

1. d4 d5 2. c4 e5 3. dxe5 d4 4. Nf3 Nc6 5. g3 Nge7 6. Bg5 h6 7. Bxe7 Qxe7 8.
Bg2 Qb4+ 9. Nbd2 Qxb2 10. O-O Bf5 11. Qa4 Qb4 12. Qxb4 Bxb4 13. Nb3 O-O-O 14.
Nh4 Be6 15. Bxc6 bxc6 16. Nf3 c5 17. Nfd2 Rhe8 18. f4 Bf5 19. a3 Bc3 20. Ra2 f6
21. exf6 Rxe2 22. fxg7 d3 23. Rf2 Rde8 24. g8=Q Rxg8 25. Nf3 Rge8 26. Nxc5 Rxa2
27. Rxa2 Re2 28. Rxe2 dxe2 29. Kf2 e1=Q+ 30. Nxe1 Bd4+ 31. Kf3 Bxc5 32. g4 Be6
33. Nd3 Bxa3 34. c5 Bc4 35. Ne5 Bd5+ 36. Kg3 Bxc5 37. h4 a5 38. g5 Bf8 39. Nd3
Be4 40. Nb2 h5 41. Kf2 Bc5+ 42. Ke2 Bd4 43. Nc4 a4 44. Nd2 a3 45. Nxe4 a2 46.
f5 Kd7 47. Ng3 a1=Q 48. Nxh5 Qc3 0-1

[Event "II Open Internazionale"]
[Site "Lodi ITA"]
[Date "2006.06.08"]
[Round "6"]
[White "Giretti Kanev, Jasen"]
[Black "Caoili, Arianne"]
[Result "1/2-1/2"]
[WhiteElo "2220"]
[BlackElo "2169"]
[PlyCount "91"]
[EventDate "2006.06.05"]

1. Nf3 Nf6 2. c4 e6 3. d4 b6 4. Nc3 Bb4 5. Qc2 Bb7 6. e3 Ne4 7. Bd2 f5 8. Rd1
Qf6 9. Nb5 Nxd2 10. Nxd2 O-O 11. a3 Bxd2+ 12. Rxd2 Na6 13. f3 d5 14. f4 c5 15.
Nd6 Qe7 16. Nxb7 Qxb7 17. Be2 Rac8 18. Bf3 cxd4 19. Rxd4 Qc7 20. b4 dxc4 21. b5
Nc5 22. Bc6 e5 23. Qxc4+ Kh8 24. Rd5 exf4 25. exf4 Qe7+ 26. Re5 Qd6 27. O-O Ne4
28. Qb4 Nc5 29. Rd5 Qc7 30. Qd4 a6 31. a4 axb5 32. axb5 Rcd8 33. Qe5 Qf7 34.
Rfd1 Rxd5 35. Rxd5 h6 36. Rd6 Kh7 37. h3 Qc4 38. Kh2 Qb4 39. Rd4 Qb1 40. Qe7
Rf6 41. Bd5 Qxb5 42. Bc4 Qc6 43. Rd8 Ne6 44. Bd5 Qa4 45. Bxe6 Qxf4+ 46. Kh1
1/2-1/2

[Event "II Open Internazionale"]
[Site "Lodi ITA"]
[Date "2006.06.08"]
[Round "6"]
[White "Hossain, Enamul"]
[Black "Soppe, Guillermo G."]
[Result "1-0"]
[WhiteElo "2460"]
[BlackElo "2409"]
[PlyCount "119"]
[EventDate "2006.06.05"]

1. e4 Nf6 2. e5 Nd5 3. d4 d6 4. c4 Nb6 5. exd6 cxd6 6. Nc3 g6 7. Be3 Bg7 8. Rc1
O-O 9. b3 e5 10. dxe5 dxe5 11. Qxd8 Rxd8 12. c5 N6d7 13. Nf3 Nc6 14. Bc4 Na5
15. Be2 b6 16. Ne4 Bb7 17. Nd6 Nxc5 18. Nxf7 Kxf7 19. b4 Bxf3 20. gxf3 Nd3+ 21.
Bxd3 Rxd3 22. bxa5 Ra3 23. Rc7+ Kg8 24. O-O Rf8 25. Rd1 Rxa5 26. Rdd7 Bf6 27.
Bh6 Re8 28. Rf7 Bh8 29. Bg7 Bxg7 30. Rxg7+ Kh8 31. Rxh7+ Kg8 32. Rhg7+ Kh8 33.
Rxa7 Rxa7 34. Rxa7 e4 35. Kg2 exf3+ 36. Kxf3 Re5 37. h4 Kg8 38. Kg4 Rf5 39. f4
b5 40. Re7 Rc5 41. a3 Rc3 42. Kg5 Rxa3 43. Kxg6 Rg3+ 44. Kf6 b4 45. f5 b3 46.
Rb7 Rc3 47. h5 Rf3 48. Rb8+ Kh7 49. Ke6 Kg7 50. Rb7+ Kh6 51. f6 Kxh5 52. Rb8
Kg6 53. Rg8+ Kh7 54. Rg7+ Kh6 55. Rg2 Kh7 56. f7 Re3+ 57. Kf6 Rf3+ 58. Ke7 Re3+
59. Kf8 Rh3 60. Re2 1-0

[Event "II Open Internazionale"]
[Site "Lodi ITA"]
[Date "2006.06.08"]
[Round "6"]
[White "Lupulescu, Constantin"]
[Black "Fedorchuk, Sergey A."]
[Result "1/2-1/2"]
[WhiteElo "2534"]
[BlackElo "2576"]
[PlyCount "22"]
[EventDate "2006.06.05"]

1. e4 e5 2. Nf3 Nc6 3. Bb5 a6 4. Ba4 Nf6 5. O-O b5 6. Bb3 Bc5 7. d3 d6 8. Be3
Bg4 9. c3 O-O 10. h3 Be6 11. Nbd2 Bxb3 1/2-1/2

[Event "II Open Internazionale"]
[Site "Lodi ITA"]
[Date "2006.06.08"]
[Round "6"]
[White "Masotti, Roberto"]
[Black "Castellanos Rodriguez, Renier"]
[Result "0-1"]
[WhiteElo "1856"]
[BlackElo "2467"]
[PlyCount "50"]
[EventDate "2006.06.05"]

1. d4 Nf6 2. Nf3 e6 3. c4 c5 4. d5 d6 5. Nc3 exd5 6. cxd5 g6 7. Qa4+ Nbd7 8.
Bf4 a6 9. e3 Rb8 10. Be2 b5 11. Qc2 Qe7 12. b4 cxb4 13. Nxb5 axb5 14. Nd4 Qe4
15. Qxe4+ Nxe4 16. Nxb5 g5 17. Bg3 Ndc5 18. f3 Nxg3 19. hxg3 Bd7 20. Nd4 Bg7
21. Rd1 Rb6 22. f4 h5 23. Kf2 Ne4+ 24. Kf3 Nc3 25. Rd2 g4+ 0-1

[Event "II Open Internazionale"]
[Site "Lodi ITA"]
[Date "2006.06.08"]
[Round "6"]
[White "Mrdja, Milan"]
[Black "Luciani, Valerio"]
[Result "1-0"]
[WhiteElo "2409"]
[BlackElo "2242"]
[PlyCount "63"]
[EventDate "2006.06.05"]

1. e4 e6 2. d4 d5 3. Nc3 Bb4 4. e5 c5 5. a3 Bxc3+ 6. bxc3 Ne7 7. Qg4 Qc7 8.
Qxg7 Rg8 9. Qxh7 cxd4 10. Ne2 Nbc6 11. f4 Bd7 12. Qd3 dxc3 13. Rb1 Nf5 14. h3
d4 15. g4 Nh4 16. Qh7 Nf3+ 17. Kf2 O-O-O 18. Kxf3 Nxe5+ 19. fxe5 Bc6+ 20. Kf2
Bxh1 21. Ng3 d3 22. cxd3 Qc5+ 23. Be3 Qxa3 24. Rc1 Rh8 25. Qg7 Bc6 26. Qf6 Rhe8
27. Qf4 b5 28. Ne2 b4 29. Qc4 Kb7 30. Rb1 a5 31. Nxc3 Rc8 32. Qc5 1-0

[Event "II Open Internazionale"]
[Site "Lodi ITA"]
[Date "2006.06.08"]
[Round "6"]
[White "Peredy, Ferenc"]
[Black "Philippe, Christophe"]
[Result "1-0"]
[WhiteElo "2343"]
[BlackElo "2399"]
[PlyCount "39"]
[EventDate "2006.06.05"]

1. e4 c5 2. c3 d5 3. exd5 Qxd5 4. d4 Nc6 5. Nf3 Nf6 6. Na3 Bg4 7. Be2 cxd4 8.
Nb5 O-O-O 9. Nbxd4 e5 10. Nxc6 Qxc6 11. Qb3 Bc5 12. O-O Qc7 13. Bg5 Kb8 14.
Rae1 Rhe8 15. Bh4 Ka8 16. Ng5 Rd2 17. Bxg4 Nxg4 18. Ne4 Rd7 19. Nxc5 Qxc5 20.
Qa4 1-0

[Event "II Open Internazionale"]
[Site "Lodi ITA"]
[Date "2006.06.08"]
[Round "6"]
[White "Porter, Russel"]
[Black "Brunello, Sabino"]
[Result "1/2-1/2"]
[WhiteElo "2201"]
[BlackElo "2339"]
[PlyCount "93"]
[EventDate "2006.06.05"]

1. c4 e6 2. Nc3 d5 3. cxd5 exd5 4. d4 Be7 5. Bf4 Nf6 6. e3 c6 7. Bd3 Nbd7 8.
Nf3 O-O 9. Qc2 Re8 10. O-O Nf8 11. h3 Ne6 12. Be5 g6 13. Rad1 Ng7 14. Bh2 Nf5
15. Ne5 Bd6 16. g4 Ng7 17. f4 Qc7 18. Rd2 Nd7 19. e4 Nf6 20. f5 Rxe5 21. dxe5
Bxe5 22. Bxe5 Qxe5 23. fxg6 hxg6 24. exd5 Nxd5 25. Nxd5 cxd5 26. Rdd1 Be6 27.
Qf2 Rc8 28. Rde1 Qd6 29. Qf4 Qc5+ 30. Rf2 Qe7 31. Qf6 Qc7 32. Qf4 Qd7 33. Qd4
b6 34. Qf4 Kh7 35. Rfe2 Qe7 36. Qg3 Rh8 37. Kh2 Qb4 38. Kg1 a5 39. Rf1 a4 40.
a3 Qe7 41. Kh2 Qd7 42. Qf4 d4 43. Rfe1 b5 44. Re4 Rd8 45. Kg1 Qc6 46. Qf6 Qc7
47. Qe5 1/2-1/2

[Event "II Open Internazionale"]
[Site "Lodi ITA"]
[Date "2006.06.08"]
[Round "6"]
[White "Postny, Evgeny"]
[Black "Izsak, Gyula"]
[Result "1-0"]
[WhiteElo "2572"]
[BlackElo "2434"]
[PlyCount "133"]
[EventDate "2006.06.05"]

1. c4 Nf6 2. d4 e6 3. g3 d5 4. Nf3 dxc4 5. Bg2 c5 6. O-O Nc6 7. Qa4 cxd4 8.
Nxd4 Qxd4 9. Bxc6+ Bd7 10. Rd1 Qxd1+ 11. Qxd1 Bxc6 12. Nd2 Bb5 13. Qc2 Rc8 14.
b3 c3 15. Nc4 Nd5 16. e4 Nb6 17. Qxc3 Bxc4 18. bxc4 Rxc4 19. Qe5 Rc5 20. Qb8+
Rc8 21. Qxa7 Bc5 22. Ba3 Ra8 23. Qxb7 Bxa3 24. Qxb6 O-O 25. Rd1 Rfb8 26. Qe3
Bb4 27. Rb1 h6 28. Qd4 Bf8 29. Rxb8 Rxb8 30. Qc3 Ra8 31. Qc2 Ra3 32. Kf1 g6 33.
Ke2 Be7 34. Kd1 h5 35. h4 Bf6 36. Qc4 Be7 37. Kc2 Rf3 38. Qe2 Ra3 39. Kb2 Bf8
40. Qc2 Rf3 41. a4 Bg7+ 42. Kb1 Rc3 43. Qe2 Bd4 44. Ka2 Bc5 45. Qb5 Bd4 46.
Qb8+ Kg7 47. Qd6 Rd3 48. f4 Rd2+ 49. Kb3 Bc3 50. Qc7 Bf6 51. a5 Rd3+ 52. Kb4
Bd8 53. Qc8 Bxa5+ 54. Kxa5 Rxg3 55. Qc5 Rb3 56. Qc2 Rf3 57. Qb2+ Kg8 58. Ka4
Re3 59. Qd4 Rf3 60. Qf6 Re3 61. Qd8+ Kh7 62. Qd4 Re1 63. Kb5 Rc1 64. Qd2 Rc7
65. Qd8 Rb7+ 66. Kc6 Ra7 67. Qf8 1-0

[Event "II Open Internazionale"]
[Site "Lodi ITA"]
[Date "2006.06.08"]
[Round "6"]
[White "Rombaldoni, Denis"]
[Black "Vajda, Levente"]
[Result "0-1"]
[WhiteElo "2322"]
[BlackElo "2511"]
[PlyCount "58"]
[EventDate "2006.06.05"]

1. d4 Nf6 2. c4 g6 3. Nf3 Bg7 4. Nc3 O-O 5. g3 d6 6. Bg2 Nbd7 7. O-O e5 8. e4
exd4 9. Nxd4 Re8 10. Re1 a6 11. Rb1 Rb8 12. a4 Ne5 13. b3 Bd7 14. h3 Nc6 15.
Nc2 Qc8 16. Nd5 Bxh3 17. Nxc7 Bxg2 18. Nxe8 Qh3 19. Nxf6+ Bxf6 20. f3 Ne5 21.
Nd4 Bxf3 22. Nxf3 Qxg3+ 23. Kf1 Qh3+ 24. Kf2 Ng4+ 25. Ke2 Qg2+ 26. Kd3 Nf2+ 27.
Ke3 Nxd1+ 28. Rxd1 Re8 29. Ba3 Qc2 0-1

[Event "II Open Internazionale"]
[Site "Lodi ITA"]
[Date "2006.06.08"]
[Round "6"]
[White "Rrhioua, Tarik"]
[Black "Stella, Andrea"]
[Result "0-1"]
[WhiteElo "2330"]
[BlackElo "2114"]
[PlyCount "120"]
[EventDate "2006.06.05"]

1. Nf3 Nf6 2. g3 b6 3. Bg2 Bb7 4. O-O e6 5. d3 d5 6. Nbd2 c5 7. e4 Nc6 8. e5
Nd7 9. Re1 Be7 10. h4 h6 11. h5 Qc7 12. Qe2 O-O-O 13. c4 d4 14. a3 g5 15. hxg6
fxg6 16. Bh3 Nf8 17. b4 cxb4 18. Nb3 bxa3 19. Bxa3 Bxa3 20. Rxa3 g5 21. Rea1
Rg8 22. Bg2 Ng6 23. Nfxd4 Rxd4 24. Rxa7 Rdd8 25. d4 Nxa7 26. Rxa7 Nf4 27. gxf4
gxf4 28. d5 exd5 29. Qf3 Rxg2+ 30. Qxg2 dxc4 31. Ra8+ Bxa8 32. Qxa8+ Kd7 33.
Qd5+ Ke7 34. Qe4 Rd1+ 35. Kh2 cxb3 36. Qh7+ Kd8 37. Qg8+ Kd7 38. Qg4+ Kc6 39.
Qxd1 Qxe5 40. Qxb3 f3+ 41. Kh3 Qh5+ 42. Kg3 Qg5+ 43. Kh3 Qh5+ 44. Kg3 Qg5+ 45.
Kh3 Qg2+ 46. Kh4 Qxf2+ 47. Kh5 Qh2+ 48. Kg6 Qd6+ 49. Kg7 Qd4+ 50. Kxh6 f2 51.
Qf3+ Kc5 52. Qa3+ Kc4 53. Qa4+ Kd3 54. Qd1+ Ke3 55. Qf1 Qh4+ 56. Kg7 Qg4+ 57.
Kh8 Kf3 58. Qd1+ Kg3 59. Qd6+ Kg2 60. Qc6+ Kg1 0-1

[Event "II Open Internazionale"]
[Site "Lodi ITA"]
[Date "2006.06.08"]
[Round "6"]
[White "Spielmann, Alain"]
[Black "Wohl, Aleksandar H."]
[Result "0-1"]
[WhiteElo "2250"]
[BlackElo "2432"]
[PlyCount "72"]
[EventDate "2006.06.05"]

1. Nf3 b5 2. g3 Bb7 3. Bg2 Nf6 4. O-O e6 5. d3 c5 6. e4 Nc6 7. Re1 Be7 8. Nbd2
d5 9. e5 Nd7 10. h4 Qc7 11. Qe2 O-O-O 12. a3 h6 13. h5 Kb8 14. c4 bxc4 15. dxc4
d4 16. b4 cxb4 17. axb4 Bxb4 18. Ba3 Nc5 19. Reb1 a5 20. Nb3 d3 21. Qd1 Ne4 22.
Bxb4 axb4 23. Qe1 Nc3 24. Rb2 Qb6 25. c5 Qb5 26. Nfd4 Rxd4 27. Nxd4 Nxd4 28. c6
Bxc6 29. Rab1 Bxg2 30. Kxg2 Qd5+ 31. Kh3 Ndb5 32. Rxb4 Rc8 33. Rxb5+ Nxb5 34.
Qa5 Rc5 35. Qb6+ Kc8 36. Ra1 Nc7 0-1

[Event "II Open Internazionale"]
[Site "Lodi ITA"]
[Date "2006.06.08"]
[Round "6"]
[White "Trumpf, Walter"]
[Black "Sardo, Gabriele"]
[Result "0-1"]
[WhiteElo "2084"]
[BlackElo "2186"]
[PlyCount "88"]
[EventDate "2006.06.05"]

1. d4 d5 2. e4 dxe4 3. Nc3 Nf6 4. f3 exf3 5. Nxf3 Bg4 6. h3 Bh5 7. g4 Bg6 8.
Ne5 c6 9. Bc4 e6 10. Nxg6 hxg6 11. g5 Nd5 12. Qf3 Ne7 13. Ne4 Nf5 14. c3 Nd7
15. Bf4 Nb6 16. Bb3 Be7 17. O-O-O Nd5 18. Bd2 Qc7 19. Rhf1 b5 20. Rde1 Qb6 21.
Nc5 O-O-O 22. Nxe6 fxe6 23. Rxe6 Rd6 24. Rxg6 Rf8 25. Rxd6 Nxd6 26. Qg4+ Kd8
27. Rxf8+ Bxf8 28. Qe6 Qb7 29. g6 Nf6 30. Qe2 Qe7 31. Qf1 Qe4 32. Bc2 Qe6 33.
Bf4 Qxa2 34. Be5 Be7 35. Qf4 Nc4 36. Bxf6 Qa1+ 37. Bb1 Qxb2+ 38. Kd1 Qxb1+ 39.
Ke2 Qc2+ 40. Kf1 Bxf6 41. Qb8+ Kd7 42. Qxa7+ Ke6 43. Qf7+ Kd6 44. Qf8+ Kc7 0-1

[Event "II Open Internazionale"]
[Site "Lodi ITA"]
[Date "2006.06.08"]
[Round "6"]
[White "Varga, Zoltan"]
[Black "Efimov, Igor"]
[Result "1/2-1/2"]
[WhiteElo "2515"]
[BlackElo "2437"]
[PlyCount "129"]
[EventDate "2006.06.05"]

1. e4 c6 2. c4 e5 3. Nc3 Nf6 4. Nf3 Bb4 5. Qc2 O-O 6. Be2 Re8 7. O-O d5 8. cxd5
cxd5 9. Nxd5 Nxd5 10. exd5 e4 11. Nd4 Qxd5 12. Qa4 Rd8 13. Nb5 Na6 14. a3 Bf8
15. Nc3 Nc5 16. Nxd5 Nxa4 17. Nc3 Nc5 18. Bc4 Bf5 19. b4 Nd3 20. Bd5 Rab8 21.
Rb1 Be7 22. Bxe4 Bxe4 23. Nxe4 f5 24. Ng3 g6 25. Bb2 Nxb2 26. Rxb2 Rd3 27. Re1
Bf6 28. Ra2 Rbd8 29. Nf1 Rb3 30. g3 Rc8 31. Kg2 Kf7 32. Re3 Rb1 33. Rd3 Rcc1
34. Ne3 Ke6 35. Rc2 Rxc2 36. Nxc2 Rb2 37. Ne3 b5 38. f4 a6 39. Kf3 Be7 40. Nd5
Bd6 41. Ke3 Rc2 42. Ke2 Rc1 43. Ne3 Rc8 44. Nd1 h6 45. Re3+ Kd7 46. Nc3 Bf8 47.
Rd3+ Ke6 48. Kd1 Bg7 49. h4 Bf6 50. Nd5 Bd8 51. a4 bxa4 52. Nc3 Be7 53. Re3+
Kf7 54. Nd5 Bd6 55. Rc3 Rxc3 56. dxc3 g5 57. hxg5 hxg5 58. c4 gxf4 59. gxf4 Ke6
60. Kc2 Kd7 61. Kb2 Kc6 62. Ka2 Bf8 63. Ka3 a5 64. Kxa4 axb4 65. Nxb4+ 1/2-1/2

[Event "II Open Internazionale"]
[Site "Lodi ITA"]
[Date "2006.06.08"]
[Round "6"]
[White "Zambrana, Oswaldo"]
[Black "Vezzosi, Paolo"]
[Result "1/2-1/2"]
[WhiteElo "2425"]
[BlackElo "2362"]
[PlyCount "82"]
[EventDate "2006.06.05"]

1. e4 e6 2. d4 d5 3. Nd2 c5 4. Ngf3 Nf6 5. exd5 exd5 6. Bb5+ Bd7 7. Bxd7+ Nbxd7
8. O-O Be7 9. dxc5 Nxc5 10. Nd4 Qd7 11. N2b3 Nce4 12. Qf3 O-O 13. c3 Rfc8 14.
Rd1 a5 15. a4 Rc4 16. Qf5 g6 17. Qxd7 Nxd7 18. Nc2 Ndc5 19. Nxc5 Nxc5 20. Ne3
Rxa4 21. Rxa4 Nxa4 22. Nxd5 Bf8 23. Nf6+ Kg7 24. Nd7 Be7 25. Kf1 Ra6 26. Rd4
Nc5 27. Be3 Ne6 28. Rd5 Rd6 29. Nb6 Rxd5 30. Nxd5 Bd6 31. Ke2 a4 32. Nb6 a3 33.
bxa3 Bxa3 34. Nc4 Be7 35. Bb6 Kf6 36. Ke3 Kf5 37. Na5 Bg5+ 38. Ke2 Nf4+ 39. Kf3
Nd5 40. Bd4 Bd2 41. Nxb7 Bxc3 1/2-1/2